Central tendency and variability

Αποθηκεύτηκε σε:
Λεπτομέρειες βιβλιογραφικής εγγραφής
Κύριος συγγραφέας: Weisberg, Herbert F.
Μορφή: Βιβλίο
Γλώσσα:English
Δημοσίευση: Newbury Park : Sage Publications, c1992
Σειρά:Sage university papers series. Quantitative applications in the social sciences ; ; 83
Θέματα:
Ετικέτες: Προσθήκη ετικέτας
Δεν υπάρχουν, Καταχωρήστε ετικέτα πρώτοι!

MARC

LEADER 00000nam a2200000 i 4500
001 1/18305
008 981015s1992 eng d
020 |a 0-8039-4007-6 
035 |l 10020866 
040 |a GR-MY-UA  |b gre  |e aacr 
041 0 |a eng 
082 0 |a 300.15195 
100 1 |a Weisberg, Herbert F. 
245 1 0 |a Central tendency and variability /  |c Herbert F. Weisberg 
260 |a Newbury Park :   |b Sage Publications,   |c c1992 
300 |a 89 p. 
490 1 |a Sage university papers series. Quantitative applications in the social sciences  |v ; 83 
504 |a Includes bibliographical references 
650 0 0 |a Social sciences  |x Methodology. 
650 0 0 |a Social sciences  |x Statistical methods. 
830 0 |a Sage university papers series. Quantitative applications in the social sciences ;  |v ; 83 
852 |a INST  |b LESVOS  |e 19981015  |h 300.15195 WEI  |p 005100018419  |q 005100018419  |t BK  |y 0 
901 |a BIBL-1999-1 
909 |a Λ  |b 059521 
922 |a 1ΕΛΗ  |b 199809  |c ΚΠΣ/ΤΓ  |d ΠΑΠΑΣΩΤΗΡΙΟΥ 
950 |a 118-1998-07-23